Edexcel Gcse (9-1): Business (Record no. 1217)

MARC details
005 - DATE AND TIME OF LATEST TRANSACTION
control field 20250408140538.0
020 ## - INTERNATIONAL STANDARD BOOK NUMBER
International Standard Book Number 978-1-4718-9935-5
082 ## - DEWEY DECIMAL CLASSIFICATION NUMBER
Classification number 650 MAR
100 ## - MAIN ENTRY--PERSONAL NAME
Author name MARCOUSE, L.
245 ## - TITLE STATEMENT
Title Edexcel Gcse (9-1): Business
250 ## - EDITION STATEMENT
Edition statement 2nd Ed.
260 ## - PUBLICATION, DISTRIBUTION, ETC.
Place of publication, distribution, etc. London,
Name of publisher, distributor, etc. Hodder Education,
Date of publication, distribution, etc. 2017.
300 ## - PHYSICAL DESCRIPTION
Extent vi,290p.: Ill.; figures, picture & table.
Other physical details Grossary & Index
Dimensions 27cm.
856 ## - ELECTRONIC LOCATION AND ACCESS
Link text Access Online Book
Electronic name Edexcel
Path www.hoddereducation.co.uk
942 ## - ADDED ENTRY ELEMENTS (KOHA)
Source of classification or shelving scheme Dewey Decimal Classification
Koha item type Books
Holdings
Date last seen Total checkouts Full call number Barcode Cost, replacement price Price effective from Koha item type Lost status Source of classification or shelving scheme Damaged status Not for loan Withdrawn status Home library Current library Shelving location Date acquired Cost, normal purchase price
04/08/2025   650 MAR 0000004776 89850.00 04/08/2025 Books   Dewey Decimal Classification       College of Business Education Main Library College of Business Education Main Library General Collection 04/08/2025 29950.00
04/08/2025   650 MAR 0000004777 89850.00 04/08/2025 Books   Dewey Decimal Classification       College of Business Education Main Library College of Business Education Main Library General Collection 04/08/2025 29950.00
04/08/2025   650 MAR 0000004778 89850.00 04/08/2025 Books   Dewey Decimal Classification       College of Business Education Main Library College of Business Education Main Library General Collection 04/08/2025 29950.00
04/08/2025   650 MAR 0000004779 89850.00 04/08/2025 Books   Dewey Decimal Classification       College of Business Education Main Library College of Business Education Main Library General Collection 04/08/2025 29950.00
04/08/2025   650 MAR 0000004780 89850.00 04/08/2025 Books   Dewey Decimal Classification       College of Business Education Main Library College of Business Education Main Library General Collection 04/08/2025 29950.00
04/08/2025   650 MAR 0000004781 89850.00 04/08/2025 Books   Dewey Decimal Classification       College of Business Education Main Library College of Business Education Main Library General Collection 04/08/2025 29950.00
04/08/2025   650 MAR 0000004782 89850.00 04/08/2025 Books   Dewey Decimal Classification       College of Business Education Main Library College of Business Education Main Library General Collection 04/08/2025 29950.00
04/08/2025   650 MAR 0000004783 89850.00 04/08/2025 Books   Dewey Decimal Classification       College of Business Education Main Library College of Business Education Main Library General Collection 04/08/2025 29950.00
04/08/2025   650 MAR 0000004784 89850.00 04/08/2025 Books   Dewey Decimal Classification       College of Business Education Main Library College of Business Education Main Library General Collection 04/08/2025 29950.00